00959nam a22002177a 4500003000400000005001700004008004100021040000700062100001900069245004500088260004200133300001700175500003800192505035900230650002700589650002400616650003000640650002300670650001700693650003100710OSt20191029062705.0180305b xxu||||| |||| 00| 0 spa d cPJ aCanasi, José aDerecho administrativo /cJosé Canasi. aBuenos Aires :bDepalma, c1976-1984. a4 v.c22 cm. aCitas y notas a pie de página.  aContenido: v. 1: Parte general. v. 2: Parte especial. Los servicios públicos. El acto administrativo. Contratos administrativos. v. 3: Parte especial. Prestaciones de los administrados al Estado. Servidumbres y restricciones administrativas. v. 4: Parte especial. Expropiación pública. Organización y justicia militar. Responsabilidad del estado  0aDERECHO ADMINISTRATIVO 0aACTO ADMINISTRATIVO 0aCONTRATOS ADMINISTRATIVOS 0aSERVICIO PÚBLICO 0aEXPROPIACION 0aRESPONSABILIDAD DEL ESTADO